| 000 | 01066cam a2200313 i 4500 | ||
|---|---|---|---|
| 001 | 000019385 | ||
| 003 | DO-SdBNP | ||
| 005 | 20230525090955.0 | ||
| 008 | 760909s1968 sp 001 d spa d | ||
| 040 |
_aDO-SdBNP _bspa _cBNPHU _erda |
||
| 049 | _aBNGR | ||
| 082 | 4 |
_a862.6 _bV181L, 1968 _222 |
|
| 100 | 1 |
_aValle-Inclán, Ramón del, _d1866-1936. _93325 _eautor |
|
| 245 | 1 | 0 |
_aLuces de bohemia : _besperpento / _cRamón del Valle-Inclán. |
| 250 | _a2a ed. | ||
| 264 | 1 |
_aMadrid : _bEspasa-Calpe, _c1968. |
|
| 300 |
_a144 páginas ; _c18 cm. |
||
| 336 |
_2rdacontent _atexto _btxt |
||
| 337 |
_2rdamedia _asin mediación _bn |
||
| 338 |
_2rdacarrier _avolumen _bnc |
||
| 490 | 1 |
_aAustral. Violeta: teatro y poesía _v1307 |
|
| 500 | _aIncluye índice de autores | ||
| 590 | _aPerteneció a la biblioteca personal de Juan Isidro Jimenes Grullón. | ||
| 650 | 4 |
_aTeatro español _93071 |
|
| 650 | 4 |
_aLiteratura española _9632 |
|
| 830 | 0 |
_aAustral. _pVioleta : teatro y poesía; _v1307 _939559 |
|
| 910 | _aValidado. Control de calidad MFF | ||
| 942 |
_2ddc _cLBS1 |
||
| 999 |
_c18901 _d18901 |
||